Loreto College Library, Kolkata
WEBOPAC (ONLINE PUBLIC ACCESS CATALOGUE)

Women in the contemporary society (Record no. 43455)

MARC details
000 -LEADER
fixed length control field 00331nam a22001337a 4500
005 - DATE AND TIME OF LATEST TRANSACTION
control field 20230816095229.0
008 - FIXED-LENGTH DATA ELEMENTS--GENERAL INFORMATION
fixed length control field 230816b |||||||| |||| 00| 0 eng d
040 ## - CATALOGING SOURCE
Original cataloging agency Loreto college
041 ## - LANGUAGE CODE
Language code English
082 ## - DDC | ডিউই
Classification number | বর্গসংখ্যা 396
Book Number | গ্রন্থাঙ্ক DEV
245 ## - TITLE STATEMENT | অাখ্যা বিবরণী
Title | অাখ্যা Women in the contemporary society
Sub title | উপঅাখ্যা issues and challenges
850 ## - HOLDING INSTITUTION
Holding institution LCLIB
942 ## - ADDED ENTRY ELEMENTS (KOHA)
Koha item type Books
Holdings
Withdrawn status Lost status Source of classification Damaged status Not for loan Home library Current library Date acquired Total Checkouts Full call number Accession No. Date last seen Price effective from Koha item type Coded location qualifier
    Dewey Decimal Classification     Loreto College Loreto College 16/08/2023   396 DEV 53587 47579 16/08/2023 16/08/2023 Books